00611nam a22001697a 450000500170000001000130001702000260003003500110005603700130006708200110008010000360009124500990012724600700022626000500029627000720034630000230041820210831123610.0 aUR-11216 c500.00a9789390789108 aU-9771 bDBAD/PUB a808.88 aمنظو ر حسين کما ر  aشفق سو پو ر ی : حيا ت ا و ر کا ر نا مےcمنظو ر حسين کما ر  aShafaq So Puri Hyat Aur Karname (Urdu)bby Manzoor Hussain Kumar aDelhic2021 ءbEducational Publishing House  a3191,Vakil Street, Kucha Pandit Lal Kuan,b Delhie110006l23216162 a238 ص c22 Cm(Hb)